000 00365nam a2200133Ia 4500
008 260604s9999 xx 000 0 und d
020 _a9780143439943
082 _a823.92 KHA
100 _aVikrant khanna
_935962
245 0 _aThe Girl Who Knew Too Much: What if the Loved One You Lost Were to Come Back?
260 _bPENGUIN BOOKS
500 _aGirl
942 _cBK
999 _c8803
_d8803